| 000 | 01182nam a2200325 i 4500 | ||
|---|---|---|---|
| 001 | 13477 | ||
| 003 | KOSZ 005 | ||
| 005 | 20220112112333.0 | ||
| 008 | 071203s1971 pl a f f 001 0 pol | ||
| 015 | _aPB 1971/4452 | ||
| 040 |
_aWA N _cWA N _dKOSZ 005/RW _dKOSZ 005/HR |
||
| 080 | _a628.8 | ||
| 100 | 1 |
_aKostyrko, Krystyna _eAutor |
|
| 245 | 1 | 0 |
_aPomiary i regulacja wilgotności w pomieszczeniach / _cKrystyna Kostyrko, Bożena Okołowicz-Grabowska. |
| 260 |
_aWarszawa: _bArkady, _c1971. |
||
| 300 |
_a379, [1] stron : _bilustracje, errata ; _c25 cm. |
||
| 336 |
_aTekst _btxt _2rdacontent |
||
| 337 |
_aBez urządzenia pośredniczącego _bn _2rdamedia |
||
| 338 |
_aWolumin _bnc _2rdacarrier |
||
| 380 | _aKsiążki. | ||
| 504 | _aBibliografia na stronach 367-[372]. Indeks. | ||
| 658 | _aInżynieria i technika | ||
| 650 | 4 | _aPomiary | |
| 650 | 4 | _aKlimatyzacja | |
| 650 | 4 | _aWilgotność powietrza | |
| 700 | 1 |
_aOkołowicz-Grabowska, Bożena. _eAutor |
|
| 710 | 2 |
_aWydawnictwo Arkady _4pbl. |
|
| 856 |
_uhttp://koha.tu.koszalin.pl/cgi-bin/koha/opac-detail.pl?biblionumber=13477 _yKatalog online BPK |
||
| 942 |
_2UKD _cKS |
||
| 999 |
_c13477 _d13477 |
||